Catalog

Record Details

Catalog Search



The Spirit in the word  Cover Image Book Book

The Spirit in the word / by David M. McIntyre

M`Intyre, David M. (Author).

Record details

  • Physical Description: 237 p.
  • Publisher: London Morgan and Scott 1908

Available copies

  • 1 of 1 copy available at Common Catalog SPOK.

Holds

  • 0 current holds with 1 total copy.
Show Only Available Copies
Location Call Number / Copy Notes Barcode Shelving Location Status Due Date
ETS Library 220.1 424470005990 Volný výběr Available -

LDR 00568nam a2 00217
00134577
003CZ-PrJAB
00520031121000000.0
008031121s1908 xxk e |||| |eng
009gb
035 . ‡a(CONS)8621
035 . ‡aKPS5729
041 . ‡aeng
08214. ‡a220.1
100 . ‡72171 ‡aM`Intyre, David M.
245 . ‡aThe Spirit in the word / ‡cby David M. McIntyre
260 . ‡aLondon ‡bMorgan and Scott ‡c1908
300 . ‡a237 p.
653 . ‡aThe Spirit in the Word
8524 . ‡bETS ‡bETS ‡cVolný výběr ‡j220.1 ‡gA ‡p424470005990
910 . ‡aABG450
999 . ‡a8621 ‡bAUTOGEN ‡c8621 ‡tbiblio
905 . ‡uadmin
901 . ‡a34577 ‡b ‡c34577 ‡tbiblio ‡sets

Additional Resources